| 000 | 00597nam a2200193Ia 4500 | ||
|---|---|---|---|
| 005 | 20250508161933.0 | ||
| 008 | 008 250505s9999 xx 000 0 hin d | ||
| 037 | _aDissertations | ||
| 040 |
_aFEDL _beng _cFEDL |
||
| 041 |
_ahin _2eng |
||
| 084 |
_a371.27, AGG/DI _qFEDL |
||
| 100 |
_aAggarwal Nirmal _9771846 |
||
| 245 | 0 | _aKalatmak abhiyogyata- pariksha ki rachna (Mayar ki kala nirnye parikshan ki adhar per rachit). | |
| 260 | _c1974 | ||
| 300 | _a50p. | ||
| 546 | _aM.Ed. Dissertation (Agra University). | ||
| 942 |
_cDIS _h371.27, AGG/DI |
||
| 999 |
_c1373357 _d1373357 |
||